POLS Test 2 Quiz Stats

 Plays Quiz not verified by Sporcle

Score 0/32 Timer 10:00
0 Plays Today
% Correct
supreme courts
85.7%
Trial courts
71.4%
appellate courts
71.4%
Lobby
57.1%
2
57.1%
crisis manager
42.9%
inform the public
42.9%
Writing bills
42.9%
Appear passive
42.9%
Appear objective
42.9%
14
42.9%
600
42.9%
5100
42.9%
8 years and 60 years old
42.9%
12 years and 55 years old
42.9%
Standing committees
42.9%
% Correct
Conference committees
42.9%
Temporary committees
42.9%
Interim committees
42.9%
party chief
28.6%
ceremonial leader of state
28.6%
financial incentives
28.6%
Recruit candidates
28.6%
Pre-file bills
28.6%
Strict procedural rules
28.6%
Rulings pertain to only that case
28.6%
chief legislator
14.3%
organize opposition
14.3%
intergovernmental coordinator
0%
provide information on issues
0%
influence agencies
0%
Rules of access
0%

You're not logged in!

Compare scores with friends on all Sporcle quizzes.
OR
Log In

Show Comments

Extras

Created Nov 11, 2010ReportNominate
Tags:pol, test

Top Quizzes Today


Score Distribution

Your Account Isn't Verified!

In order to create a playlist on Sporcle, you need to verify the email address you used during registration. Go to your Sporcle Settings to finish the process.

Report this User

Report this user for behavior that violates our Community Guidelines.

Details: